Top 15 meilleurs buteurs de ligue 1 au 30 avril - Statistiques

Statistiques générales
  • Ce quiz a été pris 93 fois
  • Le résultat moyen est 7 sur 15
Statistiques - réponses
Hint Réponse % Correct
1 mbappe
100%
3 lacazette
86%
4 aubameyang
76%
5 ben yedder
73%
2 david
67%
7 ramos
57%
10 kalimuendo
42%
9 moffi
42%
6 dallinga
41%
8 mikautadze
37%
15 bourigeaud
27%
12 adams
24%
14 del castillo
22%
13 mohamed
22%
11 minamino
17%
Aucun quiz correspondant
Distribution des résultats
% des personnes avec chaque résultat
Percentile par nombre de réponses
Votre historique - résultats
Vous n’avez pas pris ce quiz